000 00569nam a2200241 a 4500
001 nice12345678
003 IN_TiNIC
005 20260116011843.0
008 050524s1963 lona grp 000 0 eng
020 _a
_c40.8
082 0 0 _a248.3
_bALL
100 _aAllison, G Fitzsimons
245 _aFear, Love and Worship
260 _aLondon
_bSpck
_c1963
300 _a143p
500 _aincludes index and biblioraphy
505 2 _aIndex
650 _aWorship-Christian
700 1 _aAllison, G Fitzsimons
902 _bSRS
942 _cBK
999 _c4460
_d4460